[Event "Modbury Championship"]
[Site "Modbury"]
[Date "1997.??.??"]
[Round "?"]
[White "Wellnitz, Gerhard"]
[Black "Chilman, Alan"]
[Result "1/2-1/2"]
[WhiteElo "1069"]
[BlackElo "1560"]
[Annotator "Fritz 5.32"]
[PlyCount "65"]
[EventDate "1997.??.??"]
[EventType "tourn"]
[EventRounds "11"]
[EventCountry "AUS"]

1. d4 Nf6 {
Opening = A45 - Damenbauernspiele-Trompowski Var /Queen's Pawn-Trompowski Var}
2. e3 g6 3. Bd3 Bg7 4. Nd2 d5 (4... d6 5. f4 Nc6 6. Ngf3 e5 7. c3 O-O 8. O-O
Qe7 9. fxe5 dxe5 10. Bc4 Ng4 11. Qe2 exd4 12. exd4 Qe3+ 13. Qxe3 Nxe3 14. Rf2
Bf5 15. Bb3 Rae8 16. Nf1 Ng4 17. Rd2 Na5 18. h3 Nf6 19. Ng3 {
Sionneau,D-Boudre,J/Urcuit op 1989/TD 89\10/0-1 (35)}) 5. f4 e6 $146 {Covers f5
} (5... Bg4 6. Ngf3 Nc6 7. a3 Qd7 8. h3 Bf5 9. Bb5 a6 10. Ne5 Qd6 11. Be2 Ne4
12. g4 Ng3 13. Rh2 Nxe2 14. Qxe2 Be6 15. Qf2 Nxe5 16. dxe5 Qc6 17. Nb3 Qb6 18.
Bd2 O-O-O 19. O-O-O Bd7 20. Bc3 {
Ovezova,M-Aginian,N/WchJW-U16 Szeged 1994/TD 94\01/0-1 (49)}) 6. Nh3 Nc6 7. c3
{Controls b4} Qe7 8. Ng5 a6 {Prevents intrusion on b5} 9. a4 Bd7 10. Qe2 h6 11.
Ngf3 Na7 12. Ne5 Rg8 13. b3 Bf8 (13... O-O-O 14. O-O $14) 14. Ba3 Qd8 15. Bxf8
Kxf8 16. O-O Qe7 17. Qf3 Nc6 18. b4 Nxe5 $16 (18... Nb8 19. Rfe1 $14) 19. fxe5
Nh7 20. Qh3 Kg7 21. Nf3 Ng5 22. Qg4 Nxf3+ 23. Qxf3 (23. gxf3 $6 Bc6 $11) 23...
a5 24. b5 {White gets more space} b6 25. Rf2 Rgf8 $16 (25... c6 26. c4 $14) 26.
Raf1 $14 (26. Qg3 Rad8 $16) 26... Rac8 $16 (26... c6 27. e4 $14) 27. Qg3 c6 $18
(27... Qg5 28. Qxg5 hxg5 $14) 28. Rxf7+ $4 $17 {White has let it slip away} (
28. Rf6 $142 {White had this great chance} Be8 29. Bxg6 fxg6 30. Rxf8 cxb5 31.
axb5 Rxc3 32. R8f6 $18) 28... Qxf7 $4 $18 {gives away a clear win} (28... Rxf7
29. Qxg6+ Kf8 $19) 29. Rxf7+ Rxf7 30. Qxg6+ (30. Bxg6 $6 cxb5 31. Bxf7+ Kxf7
32. axb5 Bxb5 33. Qf4+ Ke8 34. Qxh6 Rc6 $18) 30... Kf8 31. Qxh6+ Rg7 (31... Kg8
{no good, but what else?} 32. bxc6 Rxc6 33. Qg5+ Kf8 $18) 32. Qh8+ (32. bxc6
$142 {and White has it in the bag} Be8 33. Qh8+ Rg8 34. Qf6+ Bf7 35. c7 $18)
32... Kf7 33. Qh5+ 1/2-1/2

[Event "Modbury Championship"]
[Site "Modbury"]
[Date "1997.??.??"]
[Round "?"]
[White "Anderson-Smith, William"]
[Black "Gray, Graham"]
[Result "1/2-1/2"]
[WhiteElo "1465"]
[BlackElo "1536"]
[Annotator "Fritz 5.32"]
[PlyCount "63"]
[EventDate "1997.??.??"]
[EventType "tourn"]
[EventRounds "11"]
[EventCountry "AUS"]

1. d4 Nf6 {Opening = D84 - Grünfeld Verteidigung-4.Bf4 /Gruenfeld Defence-4.Bf4
} 2. c4 g6 3. Nc3 d5 4. Bf4 $11 (4. cxd5 Nxd5 5. e4 Nxc3 6. bxc3 Bg7 $11) 4...
Bg7 5. e3 O-O (5... c6 6. Qb3 $11) 6. cxd5 Nxd5 7. Nxd5 Qxd5 8. Bxc7 b6 $16 {
Black creates threats along the open c-file} (8... Na6 9. Bg3 $14) 9. Be2 Na6
10. Bg3 Bd7 (10... Qxg2 $4 {That pawn is poisoned} 11. Bf3 Bh3 12. Kd2 $18 (12.
Bxg2 $6 {is the less attractive alternative} Bxg2 13. f3 Bxh1 $18)) 11. Qd2
Rae8 $18 (11... Rac8 12. Bh4 (12. Bxa6 $143 Qxg2 13. Bb7 Qxb7 $17) 12... Rfe8
13. Bf3 $16 (13. Bxa6 $143 Qxg2 14. Bxc8 Rxc8 $17)) 12. Bxa6 $4 $15 {
forfeits the advantage} (12. Nf3 $142 Nb8 13. Bd3 $16) 12... Qxg2 13. f3 $19 {
Controls g4} (13. Bb7 $1 {might be a viable alternative} Qxb7 14. d5 $15) 13...
Qxh1 {Black is in command} 14. Qf2 Bh3 15. Bf1 $2 $19 (15. Rd1 Rd8 16. Ke2 $11)
15... Bxf1 16. Kxf1 Rc8 17. Qd2 Rc6 18. Rc1 Rfc8 19. Rc3 g5 (19... Rxc3 20.
bxc3 b5 21. Be5 $19) 20. e4 g4 21. Kf2 Rc4 22. e5 gxf3 23. Nxf3 Qb1 24. Bh4 e6
25. Bf6 Qf5 (25... Rxc3 $142 $5 26. bxc3 Bxf6 27. exf6 $19) 26. Be7 f6 (26...
a5 27. a3 $19) 27. Kg2 $2 (27. exf6 $142 Bxf6 28. Bxf6 Qxf6 29. h3 $19) 27...
Kh8 (27... Rxc3 $142 $5 {might be the shorter path} 28. bxc3 fxe5 29. dxe5 Bxe5
30. Nxe5 Qxe5 31. Bd6 Qxc3 32. Qg5+ Qg7 33. Qxg7+ Kxg7 34. Kf3 $19) 28. exf6
Bxf6 29. Bxf6+ Qxf6 30. Qe3 Rg8+ 31. Kh1 Qg6 $4 $11 {
hands over the advantage to the opponent} (31... Rcc8 $142 $19 {
would have given Black a clear advantage}) 32. Qe5+ 1/2-1/2

[Event "Modbury Championship"]
[Site "Modbury"]
[Date "1997.??.??"]
[Round "?"]
[White "Madsen, John"]
[Black "Wellnitz, Gerhard"]
[Result "1-0"]
[WhiteElo "1195"]
[BlackElo "1069"]
[Annotator "Fritz 5.32"]
[PlyCount "33"]
[EventDate "1997.??.??"]
[EventType "tourn"]
[EventRounds "11"]
[EventCountry "AUS"]

1. e4 e5 {Opening = C50 - Italienische Partie /Italian Opening} 2. Nf3 Nc6 3.
Bc4 Bc5 4. d3 d6 5. Ng5 (5. c3 Qe7 6. Nbd2 a6 7. Bb3 Nf6 8. O-O O-O 9. h3 Be6
10. Re1 Ba7 11. Nf1 Rad8 12. Ng3 d5 13. Qe2 h6 14. exd5 Bxd5 15. d4 Bxb3 16.
axb3 Rfe8 17. dxe5 Nd7 18. Ra4 Qe6 19. Rg4 Kh8 {
Bilic,M-Zupe,M/Werfen op 1991/TD 91\08/0-1 (29)}) 5... Nf6 $4 $18 (5... d5 6.
Bxd5 Be6 7. Bxe6 fxe6 8. Nxe6 Qf6 9. Nxc5 Nge7 10. Be3 b6 11. Nb3 O-O 12. c3
Rad8 13. Qe2 Ng6 14. O-O Nh4 15. f3 Rf7 16. N1d2 Rdf8 17. Rf2 Ne7 18. g3 Nhg6
19. d4 Nf4 20. Bxf4 {
Christ,M-Kloss,A/RLPF-chJW U15 Traben Trarbach 1993/GER 05/1-0 (37)}) (5... Nh6
$142 $11 {this is the best way to fight back} 6. h3 Qf6 7. O-O Qg6 (7... Nd8 8.
Nc3 c6 9. Na4 Qg6 10. Nxc5 dxc5 11. Kh2 f6 12. Nf3 Qh5 13. Bxh6 gxh6 14. Nd2
Qg5 15. Nf3 Qg7 16. Nh4 Nf7 17. Qh5 Rg8 18. Rae1 Ke7 19. Bxf7 Qxf7 20. Qxf7+
Kxf7 21. f4 Ke7 22. fxe5 {
Quintel,K-Spaeth,W/Waldshut Sen\Nes 1991/GER 04/1-0 (48)}) 8. Kh1 O-O 9. Nc3
Be6 10. Nxe6 fxe6 11. Be3 Bxe3 12. fxe3 Rxf1+ 13. Qxf1 Rf8 14. Qe2 Kh8 15. Nb5
Nd8 16. Nxc7 a6 17. Na8 b5 18. Bb3 Nc6 19. Nc7 Nd8 20. Nxa6 Qg3 21. Rf1 Rxf1+
22. Qxf1 Kg8 23. Nc7 Qg6 24. Nxb5 {1-0 Jorgensen,C-Ancheyta,T/Menorca 1996 (24)
}) 6. Nxf7 (6. Bxf7+ $6 Ke7 7. Bc4 Rf8 $16) 6... Bxf2+ 7. Kf1 (7. Kxf2 $5 {
seems even better} Nxe4+ 8. Ke3 Nf2 9. Kxf2 Rf8 $18) 7... Qe7 (7... Bg4 {
doesn't do any good} 8. Qd2 $1 {the knockout punch} (8. Nxd8 $143 Bxd1 9. Kxf2
Rxd8 10. Rxd1 Rf8 $18) (8. Kxf2 Qe7 9. Nxh8 Bxd1 10. Rxd1 Nd8 $11) 8... Rf8 9.
Nxd8 (9. Kxf2 $6 {is clearly weaker} Qe7 $16) (9. Qxf2 $6 Qd7 $18) 9... Nxe4
10. dxe4 Be3+ 11. Bf7+ Rxf7+ 12. Nxf7 Bxd2 13. Nxd6+ (13. Nxd2 $143 Kxf7 14. h3
Be6 $18) (13. Bxd2 $143 Kxf7 14. Ke1 Ke6 $18) 13... Kd7 14. Bxd2 $18) 8. Nxh8 (
8. Kxf2 $6 {is much weaker} Rf8 9. Ke1 Na5 $18) 8... Qf8 (8... Bg4 {
hardly improves anything} 9. Qd2 (9. Kxf2 Bxd1 10. Rxd1 Nd8 $11) 9... Bb6 10.
Nf7 $18) 9. Nf7 (9. Bf7+ $142 {and the rest is a matter of technique} Ke7 10.
Kxf2 Bg4 $18) 9... Bb6 (9... Na5 {doesn't change the outcome of the game} 10.
Qf3 Bh4 11. Nxd6+ Qxd6 12. Na3 $18) 10. h3 (10. Ng5 $142 $18 {
and White has prevailed}) 10... Na5 11. Ng5 $16 (11. Nxd6+ $142 $5 Qxd6 12. Na3
$18) 11... Nxe4+ $4 $18 {the pressure is too much, Black crumbles} (11... Nxc4
$142 12. Nf3 Ne3+ 13. Bxe3 Bxe3 $16) 12. Bf7+ Kd8 13. dxe4 h6 14. Qf3 hxg5 (
14... Qe7 {is one last hope} 15. Nc3 c6 $18) 15. Bxg5+ Kd7 16. Qf5+ Kc6 17.
Bd5+ (17. Bd5+ Kb5 18. Qxf8 $18) 1-0

[Event "Modbury Championship"]
[Site "Modbury"]
[Date "1997.??.??"]
[Round "?"]
[White "Vuglar, Shanon"]
[Black "Porlaje, Benjamin"]
[Result "1-0"]
[WhiteElo "1101"]
[BlackElo "1270"]
[Annotator "Fritz 5.32"]
[PlyCount "61"]
[EventDate "1997.??.??"]
[EventType "tourn"]
[EventRounds "11"]
[EventCountry "AUS"]

1. e4 e5 {Opening = C54_03 Italianische Partie 5.d4 / Italian Opening 5.d4} 2.
Nf3 Nc6 3. Bc4 Bc5 4. c3 Nf6 5. d4 exd4 6. cxd4 Bb4+ 7. Nc3 Nxe4 8. O-O Nxc3 9.
bxc3 Bxc3 10. Ba3 d6 (10... d5 11. Bb5 Bxa1 12. Re1+ Be6 13. Qa4 Qd7 14. Ne5
Nxe5 15. Bxd7+ Nxd7 16. Rxa1 Kd8 17. Qb4 Kc8 18. Qe7 b6 19. Re1 Rd8 20. Rxe6
fxe6 21. Qxe6 Kb7 22. Be7 Nf8 23. Bxf8 Rxf8 24. Qxd5+ Ka6 25. Qd7 {
Schlesinger,O-Roeberg,F/Hessenliga 1994/GER 08/1/2-1/2 (37)}) 11. Rc1 Ba5 12.
Qa4 O-O $16 {Black should quickly conclude development.} (12... b6 13. d5 O-O
14. dxc6 Qf6 15. Bd3 Qe6 16. Bxh7+ Kh8 17. Qh4 Qh6 18. Qxh6 gxh6 19. Bd3 Rg8
20. Bb2+ f6 21. Bxf6+ Rg7 22. Bxg7+ Kxg7 23. Nh4 Be6 24. Nf5+ Kf6 25. Nd4 Bd5
26. Nb3 Rg8 27. g3 h5 28. Nxa5 h4 29. Rcd1 bxa5 30. Bh7 Rg5 31. Rxd5 Rxd5 32.
gxh4 Rd4 33. f4 Ra4 34. Bb1 d5 35. Rf2 d4 36. Rg2 Ra3 37. h5 Rh3 38. Rg6+ Kf7
39. h6 d3 40. Bxd3 Rxd3 41. h7 Rd1+ 42. Kf2 Rd2+ 43. Kg3 Rd3+ 44. Kg4 Rd2 45.
h8=Q Rg2+ 46. Kf5 Rxg6 47. Qh7+ {
Al Naimi,A-Buytaert,K/WchJM-U10 Duisburg 1992/TD 92\06/1-0 (64)}) (12... a6 13.
d5 b5 14. Bxb5 axb5 15. Qxb5 O-O 16. Qxc6 Ba6 $17) 13. d5 {
White fights for the Initiative} a6 (13... Bg4 14. dxc6 Bxf3 15. Qxa5 Bxc6 16.
Rfe1 $16) 14. dxc6 b5 (14... Bb6 $5 $18) 15. Qxa5 bxc4 16. Rxc4 Re8 17. Re1 Be6
(17... Rxe1+ 18. Nxe1 Rb8 19. Rb4 Rxb4 20. Bxb4 $18) 18. Rce4 Qc8 19. Qc3 f6 (
19... d5 {praying for a miracle} 20. R4e3 Rb8 $18) 20. Bb2 (20. Rxe6 $142 {
secures the win} Qxe6 21. Rxe6 Rxe6 22. Qc4 $18) 20... Rb8 (20... d5 {
is no salvation} 21. R4e3 Rb8 22. Nd4 $18) 21. Ng5 $1 {
better than holding on to the material} Bf7 (21... Rxb2 {
otherwise it's curtains at once} 22. Qxb2 fxg5 $18) 22. Rxe8+ Bxe8 23. Qc4+ Kh8
(23... d5 {doesn't get the bull off the ice} 24. Qxd5+ Kh8 25. Rxe8+ Qxe8 26.
Nf7+ Kg8 27. Nd6+ Kf8 28. Nxe8 Rxb2 29. g4 Kxe8 30. Qg8+ Ke7 31. Qxg7+ Ke8 32.
Qxc7 $18) 24. Nf7+ (24. Rxe8+ $142 {and White wins} Qxe8 25. Nf7+ Qxf7 26. Qxf7
$18) 24... Bxf7 25. Qxf7 Qg8 26. Qxc7 {
The passed pawn on c6 will quickly become a dangerous weapon} (26. Qxg8+ $5
Kxg8 27. Bd4 Rb4 $18) 26... Rxb2 27. Qxd6 Rxa2 $2 (27... Rb8 28. c7 Rc8 $18)
28. Rc1 Re2 29. c7 Re8 30. Rd1 (30. Qxa6 $6 {is clearly worse} Rc8 $18) 30...
h6 (30... Qc4 $18 {is the last straw}) 31. Qd8 $3 {
a sacrifice that ends the game} (31. Qd8 Kh7 32. c8=Q Rxd8 33. Rxd8 Qxd8 34.
Qxd8 $18) 1-0

[Event "Modbury Championship"]
[Site "Modbury"]
[Date "1997.??.??"]
[Round "?"]
[White "Gray, Graham"]
[Black "Chilman, Alan"]
[Result "1-0"]
[WhiteElo "1536"]
[BlackElo "1560"]
[Annotator "Fritz 5.32"]
[PlyCount "53"]
[EventDate "1997.??.??"]
[EventType "tourn"]
[EventRounds "11"]
[EventCountry "AUS"]

1. e4 e5 {Opening = C52 - Evans Gambit-Hauptvariante /Evans Gambit-main line}
2. Nf3 Nc6 3. Bc4 Bc5 4. b4 Bxb4 5. c3 Ba5 6. d4 exd4 7. O-O dxc3 8. Qb3 Qe7 9.
e5 $2 $146 (9. Nxc3 $142 Nf6 10. e5 Bxc3 11. Qxc3 $17) 9... h6 $17 (9... Nxe5
$142 {might be the shorter path} 10. Nxe5 Qxe5 11. Bxf7+ Kf8 $19) 10. Nxc3 Bb4
$11 (10... Bxc3 $142 11. Qxc3 Qb4 $19) 11. Nd5 Na5 12. Qc2 (12. Nxc7+ $2 {
fails to} Kd8 13. Nxa8 Nxb3 14. axb3 a6 $19) 12... Qc5 13. Nxc7+ $2 $19 (13.
Be3 $142 {and White can hope to survive} Qxc4 14. Nxc7+ Kd8 15. Qxc4 Nxc4 16.
Nxa8 $11) 13... Kd8 $4 $11 {with this move Black loses his initiative} (13...
Qxc7 $142 {and Black can look forward to a comfortable game} 14. Bxf7+ Kd8 $19)
14. Nxa8 Qxc4 15. Qxc4 Nxc4 16. Rb1 Ba5 (16... a5 17. Be3 $16) 17. Nd4 $14 (17.
Bf4 $142 $5 Ne7 18. Rfc1 $18) 17... b6 18. Nb5 Bb7 19. Nac7 a6 $16 (19... Nxe5
$142 $5 {and Black can hope to live} 20. Bf4 Ng6 $11) 20. Nd6 Nxd6 21. exd6 Nf6
22. Be3 b5 23. Nxb5 $1 {decapitation} Kc8 $6 {not the greatest defence} (23...
axb5 24. Rxb5 Bc7 25. dxc7+ Kc8 $18) 24. Rfc1+ Kb8 25. Nc7 Ne8 (25... Ne4 {
the last chance for counterplay} 26. Nxa6+ $1 {
the best thing is for White to hand back some material} Ka8 $18) 26. Nxa6+ $1 {
White should return some of the goodies he has collected} Ka8 27. Rc8+ $1 {
it's best to give back material} (27. Rc8+ Bxc8 28. Rb8#) 1-0

[Event "Modbury Championship"]
[Site "Modbury"]
[Date "1997.??.??"]
[Round "?"]
[White "Kramer, Warren"]
[Black "Gaviola, Cecil"]
[Result "0-1"]
[WhiteElo "1279"]
[BlackElo "1498"]
[Annotator "Fritz 5.32"]
[PlyCount "116"]
[EventDate "1997.??.??"]
[EventType "tourn"]
[EventRounds "11"]
[EventCountry "AUS"]

1. e4 c5 {
Opening = B54 - Sizilianisch-Rauser Anti-Drachen /Sicilian-Rauser Anti Dragon}
2. Nf3 d6 3. d4 cxd4 4. Nxd4 e5 5. Nb3 Nf6 6. Nc3 Be7 7. Be2 O-O 8. Be3 Be6 9.
Qd2 Nc6 10. O-O a6 11. Nc1 $11 (11. Rfd1 $5 $14 a5 12. a3 a4 13. Nc1 Ra5 (13...
Qc8 14. Bb5 Na5 15. Nxa4 Nxe4 16. Qd3 Bf5 17. Nb6 Qe6 18. Nxa8 Nxf2 19. Qd2
Nxd1 20. Nc7 Nc4 21. Bxc4 Qxc4 22. Nd5 Nxe3 23. Nxe7+ Kh8 24. Qxe3 Be6 25. Qf2
Qg4 26. c4 Qd1+ 27. Qf1 Qd4+ 28. Qf2 Qd1+ 29. Qf1 Qd4+ 30. Qf2 {
1/2-1/2 Aseev,K-Yermolinsky,A/Frunze 1988/TD 88\01 (30)}) 14. Bf3 Qc7 15. N1a2
Rc8 16. Rac1 Bc4 17. Nb4 Nxb4 18. axb4 Raa8 19. b3 axb3 20. cxb3 Bxb3 21. Nd5
Qd8 22. Rxc8 Rxc8 23. Nxe7+ Qxe7 24. Qxd6 Qxd6 25. Rxd6 Bc2 {
Georgiev,K-Olafsson,H/Dubai olm 1986/TD 86\02/1/2-1/2 (42)}) (11. f3 d5 12.
exd5 Bxd5 13. Rfd1 Bxb3 14. axb3 Nd4 15. Bd3 Qc7 16. Qf2 Rad8 17. Kh1 Rd7 18.
Ne4 Nxe4 19. Bxe4 f5 20. Bd3 Kh8 21. Bc4 b5 22. Bf1 Qc6 23. c3 f4 24. Bxd4 exd4
25. cxd4 Rd5 26. Bd3 Qh6 27. Be4 Rh5 28. h3 Qd6 29. Rac1 Qb4 30. Rd3 Rh6 31.
Qd2 Qxd2 32. Rxd2 Rd8 33. Rc7 Bb4 34. Rdc2 Rhd6 35. d5 Kg8 36. Kg1 Ba5 37. Rb7
Bb6+ 38. Kf1 Bd4 39. Ke2 R6d7 40. Rxd7 Rxd7 41. Rc8+ Kf7 42. Bxh7 Bxb2 43. Bg8+
Ke7 44. Ra8 Rc7 45. Rxa6 Rc2+ {
Galkin,A-Loginov,V/St.Petersburg op 1994/EXP 43/1-0 (60)}) (11. Bf3 Rc8 12. Nd5
Bxd5 13. exd5 Nb8 14. Rfc1 b6 15. c4 a5 16. Rab1 Na6 17. Na1 Nd7 18. Be2 f5 19.
f4 Nac5 20. Bf3 exf4 21. Bxf4 Ne5 22. Be2 Ne4 23. Qe1 Bg5 24. Qf1 Ng6 25. Bxg5
Qxg5 26. Nc2 Nf4 27. Kh1 Rce8 28. Bf3 Nd2 29. Qd1 Nd3 {
0-1 Tringov,G-Sokolov,I/Pancevo 1987/TD 87\06 (29)}) 11... b5 12. Nd5 $17 (12.
Bf3 $142 $5 $11 {should be considered}) 12... Nxe4 13. Nxe7+ Qxe7 14. Qe1 d5
15. f3 Nf6 16. a3 d4 17. Bg5 h6 18. Bh4 Qc5 $15 (18... g5 19. Bf2 $17) 19. Nd3
Qa7 (19... Qxc2 $2 {is no good because of} 20. Bxf6 gxf6 21. Rc1 $18) 20. Bxf6
gxf6 21. Qh4 Kg7 22. Kh1 Ne7 23. g4 $17 (23. Qg3+ Kh7 24. Qh4 Nd5 $15) 23...
Qc7 24. Rac1 Ng6 $15 (24... Nd5 25. Rfe1 $17) 25. Qh3 h5 (25... Bc4 26. Rfd1
$15) 26. Qg3 (26. Qxh5 $4 {the pawn must remain untouched} Rh8 27. c3 dxc3 (
27... Rxh5 $6 28. gxh5 Rh8 29. cxd4 $19) 28. Rxc3 Qd6 $19 (28... Rxh5 29. Rxc7
Rh4 30. Rf2 $15)) 26... hxg4 27. fxg4 Qb7+ 28. Kg1 Qe7 29. h4 Rh8 30. h5 {
This push gains space} Nf8 31. Bf3 $15 (31. Nb4 Qd6 $11) 31... Rc8 32. Be4 Nd7
33. Bb7 Rcg8 34. Bf3 $19 (34. Bxa6 Kf8 35. Nf2 Bxg4 36. Nxg4 $19) 34... Kf8 35.
Qh4 $2 (35. c3 Nc5 36. Nb4 $19) 35... Rh6 (35... e4 $142 $19 {secures the point
}) 36. Be2 $2 (36. Rfe1 $142 $19) 36... Rg5 (36... f5 {
makes it even easier for Black} 37. Qg3 e4 38. Nf2 Rxh5 39. Rcd1 $19) 37. Kf2
f5 38. Ke1 (38. Qg3 {does not help much} fxg4 39. Rh1 Nf6 $19) 38... fxg4 39.
Qh1 Rhxh5 40. Qa8+ Kg7 41. Qxa6 Rh2 42. Qxb5 g3 (42... Rf5 43. Rxf5 Bxf5 44.
Kd1 $19) 43. Qc6 g2 44. Rg1 Bf5 45. Nb4 $4 {
the position was bad, and this mistake simply hastens the end} (45. Qd5 $19)
45... Nf6 {Black plans e4} (45... Rg6 46. Qf3 Qh4+ 47. Qf2 Rh1 48. Qxh4 Rxg1+ (
48... Rxh4 $6 49. c3 $17) 49. Kd2 Rxc1 50. Kxc1 g1=Q+ 51. Bd1 Rh6 52. Qxh6+
Kxh6 $19) 46. Nd5 Nxd5 47. Qxd5 Qf6 (47... Rg6 {keeps an even firmer grip} 48.
Bf3 Qh4+ 49. Ke2 $19) 48. Kd2 $6 {offers little resistance} (48. Qf3 $19) 48...
e4 49. Rce1 d3 50. Bd1 (50. Kc1 {cannot undo what has already been done} dxe2
51. Kb1 Bg6 $19) 50... Qxb2 (50... Bg6 $142 $5 {makes it even easier for Black}
51. Qd7 e3+ 52. Rxe3 $19) 51. Qd6 (51. Qb3 {
a last effort to resist the inevitable} Qxb3 52. cxb3 $19) 51... Rh6 (51...
dxc2 $142 {secures victory} 52. Bxc2 Rh3 $19) 52. Qf4 (52. Qb4 Qe5 53. Qc3 e3+
54. Rxe3 Qxc3+ 55. Kxc3 Rc6+ 56. Kb2 dxc2 57. Kc1 $19) 52... Rhg6 (52... Rgg6
53. Qxf5 dxc2 54. Qxg6+ Rxg6 55. Bxc2 Rd6+ 56. Ke2 Qxc2+ 57. Ke3 Qc3+ 58. Kf4
Qf6+ 59. Kxe4 Rd4+ 60. Ke3 Qf4+ 61. Ke2 Rd2#) 53. Qc7 (53. Re3 {
a fruitless try to alter the course of the game} dxc2 54. Bxc2 Rc6 55. Qxg5+
Bg6 $19) 53... dxc2 $1 {takes home the point. Do you see the mate threat?} 54.
Bxc2 Qd4+ (54... Rg3 55. Re3 Qd4+ 56. Rd3 exd3 57. Qc3 Qxc3+ 58. Kxc3 dxc2+ 59.
Kc4 Rc6+ 60. Kb5 c1=Q 61. Rxc1 Rxc1 62. a4 g1=Q 63. a5 Qc5+ 64. Ka6 Bc8#) 55.
Kc1 Rd6 (55... e3 56. Qb7 Rc6 57. Re2 Bxc2 58. Rxc2 Qd2+ 59. Kb1 Qxc2+ 60. Ka1
Qf2 61. Qxc6 Qxg1+ 62. Ka2 Qe1 63. Qc2 g1=Q 64. Qb2+ Kh7 65. Qc2+ Kg8 66. Qc8+
Kg7 67. Qc2 Rb5 68. Qb2+ Rxb2+ 69. Kxb2 Qc1+ 70. Kb3 Qg4 71. a4 Qgc4#) 56. Qa5
(56. Qb8 {the only chance to get some counterplay} Rb6 $1 {the end of the story
} 57. Qf4 $19) 56... Qa1+ 57. Bb1 e3 $19 (57... Rc6+ 58. Qc5 Rxc5+ 59. Kd2 Qd4+
60. Bd3 Qxd3#) 58. Qb5 Qc3+ (58... Qc3+ 59. Bc2 Qxc2#) 0-1

[Event "Modbury Championship"]
[Site "Modbury"]
[Date "1997.??.??"]
[Round "?"]
[White "Giermann, Arno"]
[Black "Van der Schoot, Peter"]
[Result "0-1"]
[WhiteElo "1556"]
[BlackElo "1443"]
[Annotator "Fritz 5.32"]
[PlyCount "50"]
[EventDate "1997.??.??"]
[EventType "tourn"]
[EventRounds "11"]
[EventCountry "AUS"]

1. e4 e6 {
Opening = C01 - Französische Vert-Abtauschvariante /French Def-Exchange Variat}
2. Nf3 d5 3. exd5 exd5 4. d4 Nf6 5. Bd3 Be7 6. O-O Bg4 7. c4 (7. Bf4 O-O 8.
Nbd2 c5 9. dxc5 Bxc5 10. c3 Nc6 11. Qb3 Qd7 12. Rae1 Nh5 13. Be3 Bxe3 14. Rxe3
Nf4 15. Rfe1 d4 16. cxd4 Nxd4 17. Nxd4 Qxd4 18. Nf3 Qd6 19. Be4 Rab8 20. Qa4
Bxf3 21. Rxf3 Ne6 {Teske,H-Dolmatov,S/BL9192 1992/BL 90/1/2-1/2 (32)}) 7... O-O
$146 (7... Nc6 8. Be3 O-O 9. Nc3 Qd7 10. h3 Bh5 11. a3 a6 12. cxd5 Nxd5 13. Ne5
Bxd1 14. Nxd7 Nxe3 15. fxe3 Rfd8 16. Nb6 cxb6 17. Raxd1 b5 18. Ne4 Na5 19. Rc1
Rac8 20. Nd2 Bg5 21. Kf2 Re8 22. Ne4 {
Totsky,L-Rychagov,A/Moscow op2 1995/EXP 50/1-0 (55)}) 8. Bf4 $15 (8. Nc3 c6 $11
) 8... Nbd7 $11 (8... dxc4 9. Bxc4 Bxf3 10. Qxf3 Qxd4 11. Bb3 $15) 9. Bc2 $15 (
9. b3 Re8 $11) 9... c6 10. Qd3 $17 (10. Nbd2 $5 $11 {should be considered})
10... Ne4 $14 (10... dxc4 $142 11. Qxc4 Bxf3 12. gxf3 Nb6 $17) 11. Ne5 $11 (11.
cxd5 $5 cxd5 12. Nc3 $14) 11... Bf5 {Black gets in control} 12. Qf3 Ndf6 13.
Bxe4 $17 (13. Be3 $142 $5 {has some apparent merit} Be6 14. Re1 $11) 13... Bxe4
14. Qg3 $17 (14. Qe3 $5 $15) 14... Nh5 $1 {retaining the advantage} 15. Qg4
Nxf4 16. Qxf4 f6 17. Nf3 Bd6 18. Qh4 $19 (18. Qe3 $5 $17) 18... Bxf3 19. gxf3 (
19. c5 Bxg2 20. Kxg2 Bc7 $19) 19... Qc7 $15 (19... dxc4 $142 {
Black would have gained the upper hand} 20. Rc1 b5 $19) 20. Nd2 $17 (20. cxd5
$5 {should be examined more closely} cxd5 21. Nc3 $15) 20... f5 21. Rae1 $2 $19
(21. c5 Bf4 22. Nb3 $19) 21... Rf6 22. Qh5 $2 (22. c5 Bf4 23. Kh1 Bxd2 24. Re5
$19) 22... Rg6+ 23. Kh1 Bxh2 (23... Qf7 $142 $5 {keeps an even firmer grip} 24.
c5 Bf4 25. Qh4 $19) 24. Qxf5 (24. Qxh2 Rh6 25. Qxh6 gxh6 26. Rg1+ Kf8 27. cxd5
$19) 24... Rf8 25. Qh3 Rh6 (25... Rh6 26. Qxh6 gxh6 27. cxd5 cxd5 $19) 0-1